000 00545nam a2200229Ia 4500
008 210210b1936 xxu||||| |||| 00| 0 eng d
041 _aeng
082 _a954/533
100 _a-
245 _aGovernment of India Act 1935
_bExcluded and partially excluded areas
260 _aDelhi
_bManager of Publications
_c1936
300 _a249
650 _apartially
650 _aIndia
650 _aGovernment
650 _aExcluded
650 _aareas
650 _aAct
650 _a1935
690 _aIndian History
906 _a000024
999 _c121015
_d121015